000 01374 a2200385 4500
999 _c200130279
_d30798
001 200130279
003 TR-AnTOB
005 20241118154523.0
008 130819s tu 000 0
020 _a9786053608097
040 _aTR-AnTOB
_cTR-AnTOB
041 _atur
050 _aPR6052.U638.
_bM6919 2003
090 _aPR6052.U638.M6919 2003
100 1 _aBurgess, Anthony,
_d1917-1993
_992349
245 1 0 _aMozart ve deyyuslar /
_cAnthony Burgess ; çeviren, Aslı Biçen.
264 1 _aİstanbul :
_bTürkiye İş Bankası Kültür Yayınları,
_c2003.
300 _a287 p. :
_bill. ;
_c20 cm.
336 _2rdacontent
_atext
_btxt
337 _2rdamedia
_aunmediated
_bn
338 _2rdacarrier
_avolume
_bnc
490 0 _aTürkiye İş Bankası Kültür Yayınları ;
_v761
_aTiyatro dizisi ;
_v9
500 _aTranslation of: Mozart & the wolf gang.
600 1 0 _aMozart, Wolfgang Amadeus,
_d1756-1791
_vDrama
_994823
650 0 _aEnglish drama
_xHistory and criticism
_948208
650 0 _984833
_aİngiliz
_vRoman.
650 0 _aEnglish literature
_987913
650 0 7 _aİngiliz draması
_yErken modern ve Elizabeth dönemi, 1500-1600
_2etuturkob
_942485
650 0 _aImaginary conversations
_992354
650 0 _aDüşsel sohbetler
_992353
700 1 _aBiçen, Aslı,
_d1970-
_992351
730 0 2 _aMozart & the wolf gang.
_lTurkish.
942 _cBK
_2lcc